Foreign Authors - Statistics

General Stats
  • This quiz has been taken 34 times
  • The average score is 12 of 24
Answer Stats
Group Work Work Answer % Correct
French The Three Musketeers (Les Trois Mousquetaires) The Count of Monte Cristo (Le Comte de Monte-Cristo) Alexandre Dumas
96%
German The Sorrows of Young Werther (Die Leiden des jungen Werthers) Faust Johann Wolfgang von Goethe
96%
Russian War and Peace (Vojna i mir) Anna Karenina Leo Tolstoy
96%
French The Hunchback of Notre-Dame (Notre-Dame de Paris) Les Misérables Victor Hugo
96%
Russian The Brothers Karamazov (Brat'ya Karamazovy) Crime and Punishment (Prestupléniye i nakazániye) Fyodor Dostoevsky
92%
Spanish Don Quixote The Travails of Persiles and Sigismunda (Los trabajos de Persiles y Sigismunda) Miguel de Cervantes
92%
French Journey to the Center of the Earth (Voyage au centre de la Terre) Twenty Thousand Leagues Under the Sea (Vingt mille lieues sous les mers) Jules Verne
88%
French Candide Artémire Voltaire
83%
Russian The Nose (Nos) Dead Souls (Mjórtvyje dúshi) Nikolai Gogol
63%
Russian The Seagull (Chayka) Uncle Vanya (Dyadya Vanya) Anton Chekhov
58%
French Tartuffe The Misanthrope (Le Misanthrope) Molière
58%
Russian Eugene Onegin The Captain's Daughter (Kapitanskaya dochka) Alexander Puschkin
50%
German The Robbers (Die Räuber) Song of the Bell (Das Lied von der Glocke) Friedrich Schiller
33%
Russian A Sportsman's Sketches (Zapiski ohotnika) Fathers and Sons (Ottsy i deti) Ivan Turgenev
33%
Spanish A Universal History of Infamy (Historia universal de la infamia) The Aleph (El Aleph) Jorge Luis Borges
33%
German Hymns to the Night (Hymnen an die Nacht) Heinrich von Ofterdingen Novalis
33%
German The Devil's Elixirs (Die Elixiere des Teufels) The Life and Opinions of the Tomcat Murr (Lebens-Ansichten des Katers Murr) E. T. A. Hoffmann
25%
German The Physicists (Die Physiker) The Visit (Der Besuch der alten Dame) Friedrich Dürrenmatt
21%
Spanish Yerma The House of Bernarda Alba (La casa de Bernarda Alba) Federico Garcia Lorca
17%
German Effi Briest Nick Ribbeck at Ribbeck in Havelland (Herr von Ribbeck auf Ribbeck im Havelland) Theodor Fontane
17%
Spanish Abel Sánchez Mist (Niebla) Miguel de Unamuno
8%
Spanish La Arcadia La Dragontea Lope de Vega
4%
French Enamels and Cameos (Émaux et Camées) Captain Fracasse Théophile Gautier
4%
Spanish Solitudes (Soledades) The Fable of Polyphemus and Galatea (La Fábula de Polifemo y Galatea) Luis de Gongora
0%
No matching quizzes found
Score Distribution
Percent of People with Each Score
Percentile by Number Answered
Your Score History
You have not taken this quiz